Poisťovňu zmení viac ako pol milióna ľudí

Podrobná bibliografia
Hlavný autor: Drozdíková, Ingrid (Autor)
Médium: Článok
Jazyk:slovenčina
Fyzický popis:Fotogr., tab.
ISSN:1335-440X
Predmet:

MARC

LEADER 00000nab a2200000 ar4500
001 vtls008879636
003 SK-MaSNL
005 20260426072747.0
008 061122c2006 xo dr|p|||||||000 b|slo
015 |a SNBRB2006/11  |2 snkbucl 
038 |a SNKBUCL 
040 |a SNKBUCL  |b slo  |c SNKBUCL  |e AACR2 
041 |a slo 
044 |a xo  |c SK 
080 |a 368.032.3:364.69  |x (437.6)  |2 2001 
080 |a 364.69  |x (437.6)  |2 2001 
100 1 |a Drozdíková, Ingrid  |4 aut  |9 856947 
245 1 0 |a Poisťovňu zmení viac ako pol milióna ľudí  |c Ingrid Drozdíková 
300 |b Fotogr., tab. 
648 7 |a 2006  |2 snkbucl  |9 313148 
650 0 7 |a zdravotné poisťovne  |2 snkbucl  |9 69782 
650 0 7 |a prestupy klientov  |2 snkbucl  |9 1329601 
651 7 |a Slovensko  |2 snkbucl  |9 14231 
773 0 |t Sme. Práca  |g Roč. 15, č. 228 (4.10.2006), s. 4  |x 1335-440X 
852 |a SNK  |b KIS3GCP 
958 |a SK 
999 |c 2691856  |d 2693786